| Tag |
First Indicator |
Second Indicator |
Subfields |
| LEADER |
00000cam a2200000 a 4500 |
| 001 |
in00000091770 |
| 005 |
20150923131822.0 |
| 008 |
820817s1982 nyua b 00110 eng |
| 010 |
|
|
|a 82153553
|z 65-26774
|
| 020 |
|
|
|a 0120255626
|
| 035 |
|
|
|a (OCoLC)08765897
|
| 035 |
|
|
|9 AAK7105AM
|
| 039 |
0 |
|
|a 2
|b 3
|c 3
|d 3
|e 3
|
| 040 |
|
|
|a DLC
|c DLC
|d TXA
|d UtOrBLW
|
| 049 |
|
|
|a TXAM
|c [1561898]
|
| 050 |
0 |
0 |
|a QH324.9 N8
|b M36 1982
|
| 082 |
0 |
|
|a 574/.028
|2 19
|
| 100 |
1 |
|
|a Mansfield, P.
|
| 245 |
1 |
0 |
|a NMR imaging in biomedicine /
|c P. Mansfield, P.G. Morris.
|
| 264 |
|
1 |
|a New York :
|b Academic Press,
|c 1982.
|
| 300 |
|
|
|a ix, 354 pages :
|b illustrations ;
|c 24 cm.
|
| 336 |
|
|
|a text
|b txt
|2 rdacontent
|
| 337 |
|
|
|a unmediated
|b n
|2 rdamedia
|
| 338 |
|
|
|a volume
|b nc
|2 rdacarrier
|
| 490 |
1 |
|
|a Advances in magnetic resonance. Supplement ;
|v 2
|
| 504 |
|
|
|a Includes bibliographical references and index.
|
| 650 |
|
0 |
|a Nuclear magnetic resonance.
|
| 650 |
|
0 |
|a Biology
|x Research
|x Methodology.
|
| 650 |
|
0 |
|a Medicine
|x Research
|x Methodology.
|
| 700 |
1 |
|
|a Morris, P. G.
|
| 830 |
|
0 |
|a Advances in magnetic resonance.
|p Supplement ;
|v 2.
|
| 999 |
|
|
|a MARS
|
| 999 |
f |
f |
|s db7b4fd4-7e8f-3b78-80a6-bef4a1cdeee3
|i b6b935a7-f30a-37f2-9ac9-fcff055c349b
|t 0
|
| 952 |
f |
f |
|p normal
|a Texas A&M University
|b College Station
|c Sterling C. Evans Library
|d Evans: Library Stacks
|t 0
|e QH324.9 N8 M36 1982
|h Library of Congress classification
|i unmediated -- volume
|m A14806004562
|
| 998 |
f |
f |
|a QH324.9 N8 M36 1982
|t 0
|l Evans: Library Stacks
|